| 000 | 008070000a22002530004500 | ||
|---|---|---|---|
| 001 | 52257 | ||
| 010 | _a972-22-2044-6 | ||
| 021 |
_aPT _b191963/03 |
||
| 090 | _a52257 | ||
| 100 | _a20180418d2018 k y0pory5003 ba | ||
| 101 | 0 | _apor | |
| 102 | _aPT | ||
| 200 | 1 |
_aAnita e os amigos divertem-se _fGilbert Delahaye; Marcel Marlier |
|
| 210 |
_aLisboa _cVerbo _dd.l. 2003 |
||
| 215 |
_a[12] p. _cmuito il. _e40 autocolantes reutilizáveis |
||
| 225 | 2 | _aAnita e os amigos | |
| 606 | _aConto infantojuvenil | ||
| 675 |
_a82-34 _vBN _zpor |
||
| 675 |
_a087.5-053.5 _vBN _zpor |
||
| 702 | 1 |
_916804 _4100 _aDelahaye _bGilbert _f1923-1997 |
|
| 702 |
_929823 _4100 _aMarlier _bMarcel _f1930-2011 |
||
| 801 |
_aPT _c20180418 |
||
| 942 |
_cMON _n0 |
||
| 999 |
_a52257 _bBibliobase - BEBDPPC _c2019-01-21 |
||